00367nam a2200133Ia 4500003000400000008004100004020002700045040000800072100001700080245008100097260002800178300001500206365001200221LDD181029s9999 xx 000 0 und d a9780415394482cP 85.00 cLDD aBurley Mikel 0aClassical samkhya and yoga An INdian Metaphysics of experiencecBurley Mikel aLondonbRoutledgec2006 axiv, 225p. bP 85.00